=LDR 00000nam 2200000 4500 =001 INLIS000000000031035 =005 20200901084737 =035 ##$$a 0010-061300000031035 =008 200901################g##########0#ind## =020 ##$$a 979-763-020-x =082 ##$$a 005. 1 =084 ##$$a 005. 1 UTA s =100 #$$a Utami, ema =245 1#$$a Sepuluh langkah belajar logika dan algoritma : $b Menggunakan bahasa c dan c++ di GNU/Linux /$c Utami, ema, Sukrisno; Editor, Renati winong rosari =250 ##$$a Ed. 1 =260 ##$$a Yogyakarta :$b Andi,$c 2006 =300 ##$$a Viii,303 hlm : $b Ilus ; $c 15,5 x 22,5 cm =650 #4$$a Algoritma =700 #$$a Sukrisno =504 ##$$a Bibliografi : hlm. 303 =990 ##$$a 0001/BPAP-NTB/20142014 =990 ##$$a 20902143/Pb-09 =990 ##$$a 0001/BPAP-NTB/2015 =990 ##$$a 20902144 =990 ##$$a 20902144 =990 ##$$a 0001/BPAP-NTB/20142014 =990 ##$$a 20902143/Pb-09 =990 ##$$a 0001/BPAP-NTB/2015